| 000 | 00632nam a2200265Ia 4500 | ||
|---|---|---|---|
| 008 | 160803s9999 xx 000 0 und d | ||
| 020 | _a9780439283076 | ||
| 100 | _aAvi | ||
| 245 | _aCaptain Grey / | ||
| 245 | _cAvi. | ||
| 260 | _aNew York : | ||
| 260 | _bScholastic Inc. | ||
| 260 | _c1977 | ||
| 300 | _a141 pages : | ||
| 300 | _bmap ; | ||
| 300 | _c20 cm | ||
| 650 | _aNew Jersey -- History -- Revolution, 1775-1783 -- | ||
| 650 | _aNew Jersey. | ||
| 650 | _aPirates -- | ||
| 650 | _aPirates. | ||
| 650 | _aUnited States | ||
| 650 | _xJuvenile fiction. | ||
| 650 | _xJuvenile fiction. | ||
| 700 | _a840 | ||
| 999 |
_c298452 _d298452 |
||